| 000 | 00892nam a22002897a 4500 | ||
|---|---|---|---|
| 003 | CHAP | ||
| 005 | 20220329141216.0 | ||
| 008 | 971010s1976 r 00010 d | ||
| 010 | _a64389 | ||
| 011 | _a65361 | ||
| 035 | _a72026 | ||
| 040 | _cCHAP | ||
| 082 | 0 | 4 |
_a519.9 _bG73 |
| 100 | 0 | 0 |
_aGraybill, Franklin A. _950513 |
| 245 | 1 | _aTheory and application of the linear model | |
| 260 |
_aNorth Scítuate, Mass : _bDuxbury, _c1976 |
||
| 300 | _a704 p. | ||
| 590 |
_aBATCH-UPD _b10 _c20130110 _lUCH01 _h0146 |
||
| 590 |
_aBATCH-UPD _b10 _c20130110 _lUCH01 _h1626 |
||
| 590 |
_aBATCH-UPD _b10 _c20130410 _lUCH01 _h1020 |
||
| 590 |
_aBATCH-UPD _b10 _c20130914 _lUCH01 _h1326 |
||
| 590 |
_aCONVERSION _b10 _c20130109 _lUCH01 _h1335 |
||
| 650 | 1 | 4 |
_aEstadística matemática. _938261 |
| 901 | _aBK | ||
| 942 | _cLIBRO | ||
| 949 |
_a519.9 G73 _bBC _cLIBRO _d33724000959946 _eLIBRO _h47127 _i72026 _si _t537.00 |
||
| 999 |
_c64389 _d64389 |
||